| 000 | 00000nam 2200000zi 4500 |
| 001 | 9.954176 |
| 003 | CaOODSP |
| 005 | 20250818102303 |
| 006 | m o d f |
| 007 | cr cn||||||||| |
| 008 | 250818t20252025oncd obs f000 0 eng d |
| 040 | |aCaOODSP|beng|erda|cCaOODSP |
| 043 | |an-cn--- |
| 086 | 1 |aCS14-28-0001/2025-1-5E-PDF |
| 100 | 1 |aHardy, Vincent, |eauthor. |
| 245 | 10|aPerceived job security, 2025 / |cby Vincent Hardy. |
| 264 | 1|a[Ottawa] : |bStatistics Canada = Statistique Canada, |c2025. |
| 264 | 4|c©2025 |
| 300 | |a1 online resource (4 pages) : |bgraphs. |
| 336 | |atext|btxt|2rdacontent |
| 337 | |acomputer|bc|2rdamedia |
| 338 | |aonline resource|bcr|2rdacarrier |
| 490 | 1 |aQuality of employment in Canada, |x2818-1247 |
| 500 | |aCover title. |
| 500 | |a"Release date: August 18, 2025." |
| 500 | |aIssued also in French under title: Sécurité d’emploi perçue, 2025. |
| 504 | |aIncludes bibliographical references. |
| 650 | 0|aJob security|zCanada|vStatistics. |
| 655 | 7|aStatistics|2lcgft |
| 710 | 2 |aStatistics Canada, |eissuing body. |
| 775 | 08|tSécurité d’emploi perçue, 2025 / |w(CaOODSP)9.954177 |
| 830 | #0|aQuality of employment in Canada,|x2818-1247|w(CaOODSP)9.940413 |
| 856 | 40|qPDF|s248 KB|uhttps://publications.gc.ca/collections/collection_2025/statcan/14-28-0001/CS14-28-0001-2025-1-5-eng.pdf |
| 856 | 4 |qHTML|sN/A|uhttps://www150.statcan.gc.ca/n1/pub/14-28-0001/2025001/article/00005-eng.htm |